| Tag |
First Indicator |
Second Indicator |
Subfields |
| LEADER |
00000cam a2200000 a 4500 |
| 001 |
in00001717543 |
| 005 |
20151024180330.0 |
| 008 |
021202s1999 ru 000 0crus c |
| 035 |
|
|
|a (OCoLC)ocm51103088
|
| 040 |
|
|
|a TXA
|c TXA
|d UtOrBLW
|
| 042 |
|
|
|a pcc
|
| 049 |
|
|
|a TXAM
|
| 050 |
|
4 |
|a JN6699.A8
|b K6345 1999a
|
| 110 |
2 |
|
|a Kommunisticheskai︠a︡ partii︠a︡ Rossiĭskoĭ Federat︠s︡ii.
|
| 245 |
1 |
0 |
|a Vstavaĭ, strana ogromnai︠a︡! :
|b vozzvanie k patriotam Rossii /
|c otvetstvennyĭ za vypusk I︠U︡.A. Petrakov.
|
| 264 |
|
1 |
|a Moskva :
|b ITRK,
|c 1999.
|
| 300 |
|
|
|a 63 pages ;
|c 17 cm.
|
| 336 |
|
|
|a text
|b txt
|2 rdacontent
|
| 337 |
|
|
|a unmediated
|b n
|2 rdamedia
|
| 338 |
|
|
|a volume
|b nc
|2 rdacarrier
|
| 610 |
2 |
0 |
|a Kommunisticheskai︠a︡ partii︠a︡ Rossiĭskoĭ Federat︠s︡ii
|v Biography.
|
| 700 |
1 |
|
|a Petrakov, I͡U. A.
|
| 948 |
|
|
|a cataloged
|b h
|c 2002/12/4
|d c
|e spoltoratski
|f 9:46:09 am
|
| 994 |
|
|
|a E0
|b TXA
|
| 999 |
|
|
|a MARS
|
| 999 |
f |
f |
|s ec43b3e6-d4b7-34f6-9a67-2127cd61c4ca
|i 5361848e-cb6d-329e-be7d-ca49cb1585bc
|t 0
|
| 952 |
f |
f |
|p ric
|a Texas A&M University
|b Rellis Campus
|c Joint Library Facility
|d Remote Storage
|t 0
|e JN6699.A8 K6345 1999a
|h Library of Congress classification
|i unmediated -- volume
|m A14829167232
|
| 998 |
f |
f |
|a JN6699.A8 K6345 1999a
|t 0
|l Remote Storage
|